[Event "World Cup"]
[Site "Khanty-Mansiysk RUS"]
[Date "2019.09.15"]
[EventDate "2019.09.10"]
[Round "2.4"]
[Result "1/2-1/2"]
[White "Johan-Sebastian Christiansen"]
[Black "Kirill Alekseenko"]
[WhiteElo "2558"]
[BlackElo "2671"]
[PlyCount "81"]

1. Nf3 d5 2. d4 Nf6 3. c4 e6 4. Nc3 Be7 5. g3 dxc4 6. Bg2 O-O
7. Ne5 c5 8. dxc5 Qc7 9. Nxc4 Bxc5 10. Qb3 Nc6 11. O-O Nd4
12. Qd1 Rd8 13. Bf4 Qe7 14. e3 Nb5 15. Qb3 Nxc3 16. bxc3 Nd5
17. Rfd1 b6 18. Be5 Bb7 19. a4 Rac8 20. Rd2 Ba6 21. Nb2 Nf6
22. Rxd8+ Rxd8 23. a5 Bb7 24. Bxf6 gxf6 25. a6 Bxg2 26. Kxg2
Qc7 27. Rd1 Qc6+ 28. Kg1 Rxd1+ 29. Qxd1 Qb5 30. Qd8+ Bf8
31. Nd3 Qxa6 32. Nf4 Qa1+ 33. Kg2 Qxc3 34. Nh5 f5 35. Nf6+ Kg7
36. Nd7 Qb4 37. Qg5+ Kh8 38. Qf6+ Kg8 39. Qg5+ Kh8 40. Qf6+
Kg8 41. Qg5+ 1/2-1/2

[Event "World Cup"]
[Site "Khanty-Mansiysk RUS"]
[Date "2019.09.15"]
[EventDate "2019.09.10"]
[Round "2.4"]
[Result "0-1"]
[White "David Anton Guijarro"]
[Black "Wei Yi"]
[WhiteElo "2674"]
[BlackElo "2721"]
[PlyCount "138"]

1. c4 g6 2. e4 e5 3. Nc3 Bg7 4. g3 d6 5. Bg2 Ne7 6. d3 c5
7. f4 Nbc6 8. Nf3 Bg4 9. h3 Bxf3 10. Bxf3 f5 11. O-O O-O
12. Bg2 Qd7 13. h4 Nd4 14. h5 exf4 15. Bxf4 Ne6 16. Be3 Be5
17. Ne2 fxe4 18. Bxe4 Nf5 19. Qd2 Qg7 20. h6 Qe7 21. Bxf5 Rxf5
22. Rxf5 gxf5 23. Nf4 Kh8 24. Nxe6 Qxe6 25. Bf4 Rg8 26. Rf1
Rg4 27. Qe1 Kg8 28. Kg2 Kf7 29. Kf3 Qf6 30. Qa5 Kg6 31. Qc7
Bxf4 32. gxf4 Rh4 33. Qg7+ Qxg7 34. hxg7 Kxg7 35. Kg3 Rg4+
36. Kf3 h5 37. d4 h4 38. dxc5 dxc5 39. Rd1 Kg6 40. Rd7 Rg3+
41. Kf2 Kh5 42. Rxb7 a5 43. Rb5 Kg4 44. Rxc5 h3 45. Rc8 Rg2+
46. Ke3 Rg3+ 47. Kf2 Kxf4 48. Rh8 Rg2+ 49. Kf1 Kg3 50. Rg8+
Kf3 51. Rh8 Kg3 52. Rg8+ Kh2 53. Rf8 Rxb2 54. Rxf5 Kg3
55. Rg5+ Kh4 56. Rg8 h2 57. Rh8+ Kg3 58. Rg8+ Kf3 59. Rf8+ Ke4
60. Rh8 Kd4 61. Rh4+ Kc5 62. a4 Rb1+ 63. Kg2 h1=Q+ 64. Rxh1
Rxh1 65. Kxh1 Kxc4 66. Kg2 Kb4 67. Kf2 Kxa4 68. Ke2 Kb3
69. Kd2 Kb2 0-1

[Event "World Cup"]
[Site "Khanty-Mansiysk RUS"]
[Date "2019.09.15"]
[EventDate "2019.09.10"]
[Round "2.4"]
[Result "0-1"]
[White "Daniil Yuffa"]
[Black "Luke McShane"]
[WhiteElo "2577"]
[BlackElo "2682"]
[PlyCount "194"]

1. d4 Nf6 2. c4 g6 3. Nc3 Bg7 4. e4 d6 5. Nf3 O-O 6. Be2 Nbd7
7. O-O e5 8. Qc2 Qe7 9. Rd1 c6 10. d5 c5 11. g3 Kh8 12. a3 Ng8
13. Nh4 Bh6 14. b4 Bxc1 15. Raxc1 Nh6 16. Ng2 f5 17. f4 b6
18. Rf1 exf4 19. Nxf4 Ne5 20. Qd2 g5 21. Ne6 Bxe6 22. dxe6 f4
23. Nd5 Qxe6 24. Nc7 Qg6 25. Nxa8 Rxa8 26. Rf2 Rf8 27. Rcf1
Nhg4 28. Bxg4 Nxg4 29. Qc3+ Qg7 30. Qxg7+ Kxg7 31. Rf3 Ne5
32. Rc3 f3 33. h3 h5 34. Kf2 Kf6 35. b5 Ke6 36. a4 g4 37. Rh1
gxh3 38. Rxh3 Ng4+ 39. Kf1 Ke5 40. Rxh5+ Kd4 41. Ra3 f2
42. Rf5 Rh8 43. Rxf2 Nxf2 44. Kxf2 Kxe4 45. g4 Kd4 46. g5 Kxc4
47. g6 Rg8 48. Rg3 d5 49. Ke2 Kb4 50. Rg4+ Kc3 51. g7 d4
52. Rg3+ Kc2 53. Rg2 c4 54. Kf3+ Kc3 55. Ke2 Kb3 56. Kd2 Kxa4
57. Rg5 Kb3 58. Kc1 Kc3 59. Rg3+ d3 60. Rg4 Kb4 61. Kd2 Kxb5
62. Kc3 a5 63. Rg6 Ka6 64. Kd2 a4 65. Kc3 Ka5 66. Kxc4 d2
67. Rg5+ Ka6 68. Rd5 Rxg7 69. Rxd2 Rg4+ 70. Kc3 Ka5 71. Rd8
Rg3+ 72. Kb2 b5 73. Rd4 Rb3+ 74. Ka2 Rb4 75. Rd8 Rh4 76. Rd3
Kb4 77. Rg3 Rh2+ 78. Kb1 a3 79. Rg4+ Kb3 80. Rg3+ Ka4 81. Ka1
Rh1+ 82. Ka2 Rh2+ 83. Ka1 b4 84. Rg4 Rd2 85. Rf4 Kb3 86. Rf3+
Kc4 87. Rf4+ Kc3 88. Rf3+ Rd3 89. Rf1 b3 90. Rh1 Rd4 91. Rh3+
Kb4 92. Rh1 Rc4 93. Rg1 Rc1+ 94. Rxc1 b2+ 95. Ka2 bxc1=N+
96. Kb1 Kb3 97. Ka1 Ne2 0-1

[Event "World Cup"]
[Site "Khanty-Mansiysk RUS"]
[Date "2019.09.15"]
[EventDate "2019.09.10"]
[Round "2.4"]
[Result "1/2-1/2"]
[White "Sarin Nihal"]
[Black "Eltaj Safarli"]
[WhiteElo "2610"]
[BlackElo "2593"]
[PlyCount "49"]

1. Nf3 d5 2. e3 Nf6 3. c4 c6 4. Nc3 g6 5. d4 Bg7 6. Bd3 O-O
7. O-O dxc4 8. Bxc4 Bg4 9. h3 Bxf3 10. Qxf3 Nbd7 11. Rd1 e5
12. d5 e4 13. Nxe4 Nxe4 14. Qxe4 Nb6 15. Qc2 Nxc4 16. dxc6 Qh4
17. cxb7 Rab8 18. Rd7 Nb6 19. Rc7 Be5 20. Rc5 Bg7 21. Rc7 Be5
22. Rc5 Bg7 23. Rc7 Be5 24. Rc5 Bg7 25. Rc7 1/2-1/2

[Event "World Cup"]
[Site "Khanty-Mansiysk RUS"]
[Date "2019.09.15"]
[EventDate "2019.09.10"]
[Round "2.4"]
[Result "0-1"]
[White "Gawain Jones"]
[Black "Dmitry Jakovenko"]
[WhiteElo "2688"]
[BlackElo "2681"]
[PlyCount "98"]

1. e4 e5 2. Nf3 Nc6 3. Bb5 Nf6 4. O-O Nxe4 5. Re1 Nd6 6. Nxe5
Be7 7. Bf1 Nxe5 8. Rxe5 O-O 9. d4 Bf6 10. Re1 Re8 11. Rxe8+
Nxe8 12. d5 b6 13. a4 Bb7 14. Na3 Nd6 15. c3 Bg5 16. g3 Bxc1
17. Rxc1 Qg5 18. Bg2 Re8 19. Nb5 Nxb5 20. axb5 a5 21. bxa6
Bxa6 22. Ra1 Bb5 23. Qb3 Bd3 24. d6 Qc5 25. Bd5 Bg6 26. dxc7
Qxc7 27. h4 h6 28. Ra4 d6 29. Rc4 Re1+ 30. Kh2 Qd8 31. Rf4 Qc7
32. Qa2 Re8 33. Qa4 Rb8 34. Qb5 Qe7 35. Bc4 Qe5 36. Qd7 Rf8
37. Qb7 Bf5 38. Qxb6 d5 39. Qc5 Be4 40. f3 Qb8 41. Bb5 Rc8
42. Qb4 Bg6 43. Ba6 Qa7 44. Bxc8 Qf2+ 45. Kh3 Qf1+ 46. Kg4 h5+
47. Kg5 Qe1 48. Bf5 f6+ 49. Kxg6 Qe8# 0-1

[Event "World Cup"]
[Site "Khanty-Mansiysk RUS"]
[Date "2019.09.15"]
[EventDate "2019.09.10"]
[Round "2.6"]
[Result "1-0"]
[White "Luke McShane"]
[Black "Daniil Yuffa"]
[WhiteElo "2682"]
[BlackElo "2577"]
[PlyCount "135"]

1. e4 c6 2. Nf3 d5 3. Nc3 Bg4 4. h3 Bxf3 5. Qxf3 e6 6. Qg3 Nf6
7. d3 Nh5 8. Qf3 Nf6 9. a3 Qa5 10. Bd2 Qb6 11. Ra2 Nbd7 12. g3
Be7 13. Bg2 O-O 14. O-O a5 15. Kh2 a4 16. Qe2 dxe4 17. dxe4
Rfd8 18. f4 Qa6 19. Qe1 Nc5 20. Ra1 Rd7 21. Rf2 Rad8 22. Bc1
Qb6 23. Rb1 Qc7 24. Be3 b5 25. Re2 Nb7 26. Qf2 Re8 27. g4 g6
28. Kh1 Qb8 29. Rf1 Na5 30. Bc1 Nc4 31. e5 Nd5 32. Ne4 Bf8
33. h4 b4 34. axb4 Qxb4 35. h5 Bg7 36. g5 Ne7 37. h6 Bh8
38. Qc5 Qb5 39. b3 axb3 40. Qxb5 cxb5 41. cxb3 Nb6 42. Rd2
Nbd5 43. Ba3 Nf5 44. Kh2 Ra7 45. Bc5 Ra6 46. Bh3 Nxf4 47. Rxf4
Bxe5 48. Rf2 Rd8 49. Kg2 Bxf4 50. Rxf4 Ra2+ 51. Rf2 Rxf2+
52. Kxf2 Rc8 53. Nf6+ Kh8 54. b4 Rd8 55. Bf1 Nd4 56. Ke3 Nf5+
57. Kf4 Nd4 58. Ke4 e5 59. Kxe5 Ne6 60. Ne4 Rb8 61. Bd6 Rb6
62. Bh3 Nxg5 63. Nxg5 f6+ 64. Kd5 fxg5 65. Be6 Rxd6+ 66. Kxd6
g4 67. Kc5 g3 68. Bd5 1-0

[Event "World Cup"]
[Site "Khanty-Mansiysk RUS"]
[Date "2019.09.15"]
[EventDate "2019.09.10"]
[Round "2.7"]
[Result "0-1"]
[White "Evgeny Najer"]
[Black "Anish Giri"]
[WhiteElo "2635"]
[BlackElo "2780"]
[PlyCount "62"]

1. e4 e5 2. Nc3 Nf6 3. d4 exd4 4. Qxd4 Nc6 5. Qd3 Bb4 6. Ne2
O-O 7. a3 Be7 8. Bf4 d6 9. O-O-O Be6 10. Kb1 a6 11. Nd5 Bxd5
12. exd5 Ne5 13. Qd4 Ng6 14. Be3 c5 15. dxc6 bxc6 16. Qa4 Ne5
17. Nd4 Nfg4 18. Nxc6 Nxc6 19. Qxg4 Bf6 20. Qe4 Qc7 21. Rd3
Rfe8 22. Qc4 Qd7 23. Qa4 d5 24. g3 Rab8 25. b4 Nxb4 26. Qxd7
Nxd3+ 27. Ka2 Rb2+ 28. Ka1 Rxc2+ 29. Kb1 Rb2+ 30. Ka1 Rd2+
31. Kb1 Rb8+ 0-1